Decision Making Through Operations Research (Record no. 2439)

MARC details
005 - DATE AND TIME OF LATEST TRANSACTION
control field 20250612145756.0
020 ## - INTERNATIONAL STANDARD BOOK NUMBER
International Standard Book Number 0-471-85857
082 ## - DEWEY DECIMAL CLASSIFICATION NUMBER
Classification number 658. 403 THI
100 ## - MAIN ENTRY--PERSONAL NAME
Author name THIERAUF, R. J.
245 ## - TITLE STATEMENT
Title Decision Making Through Operations Research
250 ## - EDITION STATEMENT
Edition statement 2nd Ed.
260 ## - PUBLICATION, DISTRIBUTION, ETC.
Place of publication, distribution, etc. New York,
Name of publisher, distributor, etc. John Wiley,
Date of publication, distribution, etc. 1975.
300 ## - PHYSICAL DESCRIPTION
Extent xi, 650p.: ill.; figure, table.
Other physical details Bibliography & index.
Dimensions 25cm.
700 ## - ADDED ENTRY--PERSONAL NAME
Other authors/Editors KLEKAMP, R. C.
942 ## - ADDED ENTRY ELEMENTS (KOHA)
Source of classification or shelving scheme Dewey Decimal Classification
Koha item type Books
Holdings
Date last seen Total checkouts Full call number Barcode Cost, replacement price Price effective from Koha item type Lost status Source of classification or shelving scheme Damaged status Not for loan Withdrawn status Home library Current library Shelving location Date acquired Cost, normal purchase price
06/27/2025   658.403 THI DOM0001453 30000.00 06/27/2025 Books   Dewey Decimal Classification       CBE Dodoma CBE Dodoma General Collection 12/16/1998 10000.00
07/01/2025   658.403THI DOM0003294 30000.00 07/01/2025 Books   Dewey Decimal Classification       CBE Dodoma CBE Dodoma General Collection 07/01/1998 10000.00
05/19/2025   658. 403 THI 0000009151 30000.00 05/19/2025 Books   Dewey Decimal Classification       College of Business Education Main Library College of Business Education Main Library General Collection 12/16/1998 10000.00
06/12/2025   LECT 658.403 THI 00000012829 30000.00 06/12/2025 Books   Dewey Decimal Classification       College of Business Education Main Library College of Business Education Main Library General Collection 12/16/1998 10000.00
06/12/2025   LECT 658.403 THI 00000012840 30000.00 06/12/2025 Books   Dewey Decimal Classification       College of Business Education Main Library College of Business Education Main Library General Collection 12/16/1998 10000.00
06/12/2025   LECT 658.403 THI 00000012841 30000.00 06/12/2025 Books   Dewey Decimal Classification       College of Business Education Main Library College of Business Education Main Library General Collection 12/16/1998 10000.00